| 000 | 00630cam a2200181 a 4500 | ||
|---|---|---|---|
| 001 | 000015299 | ||
| 005 | 20200929164015.0 | ||
| 008 | 820108s1973 cau 000 0 spa | ||
| 040 |
_aDO-SdBNP _bspa _cDLC _dBNPHU |
||
| 082 |
_a225 _bB582a |
||
| 245 | 0 | 3 |
_aLa Biblia de las Américas : _bel Nuevo Testamento, con referencias y notas /. |
| 260 |
_aEstados Unidos : _b[The Lokman Foundation], _c[c1973]. |
||
| 300 |
_axiii, 733 p. ; _c19 cm. |
||
| 650 | 4 |
_aBiblia _xNuevo testamento _xEvangelios _934596 |
|
| 650 | 4 |
_aBiblia _xNuevo testamento _xHechos de los apóstoles _934597 |
|
| 910 | _aCatalogación por copia / LC | ||
| 049 | _aBNGR | ||
| 999 |
_c14865 _d14865 |
||